Catalog

Record Details

Catalog Search



 Čeští hudební skladatelé : závěrečná práce  Cover Image Book Book

Čeští hudební skladatelé : závěrečná práce / autor ; vedoucí práce Jana Salajová 

Hlaváčková , Jarmila (Author). Montessori ČR (Added Author).

Summary:

Ve své závěrečné práci jsem chtěla vytvořit soubor významných českých hudebních skladatelů od doby renesance po romantismus a českou modernu. Pomůcka neobsahuje všechny české skladatele, pouze vybrané. Práce je inspirována systémem vícesložkových karet podle Marie Montessori.

Record details

  • Physical Description: 66 stran : 31 cm

Content descriptions

Dissertation Note:
Závěrečná práce - Montessori ČR, 2017
Bibliography, etc. Note:
Obsahuje bibliografii
Genre: závěrečné práce

Available copies

  • 1 of 1 copy available at Common Catalog SPOK.

Holds

  • 1 current hold with 1 total copy.
Show All Copies
Location Call Number / Copy Notes Barcode Shelving Location Status Due Date
Montessori Library ZP0190 4614610190 Chodba Available -

LDR ntm a22 i 4500
00147023
003CZ-PrJAB
00520200812182144.0
007ta
008 s2017 xr e 000 0 cze
040 . ‡aABG323 ‡bcze ‡erda
0410 . ‡acze
1001 . ‡aHlaváčková , Jarmila ‡4aut
24510. ‡a Čeští hudební skladatelé : ‡bzávěrečná práce / ‡c autor ; vedoucí práce Jana Salajová 
264 0. ‡c2017
300 . ‡a66 stran : ‡c31 cm
336 . ‡atext ‡btxt ‡2rdacontent
337 . ‡abez média ‡bn ‡2rdamedia
338 . ‡asvazek ‡bnc ‡2rdacarrier
502 . ‡aZávěrečná práce - Montessori ČR, 2017 
504 . ‡aObsahuje bibliografii
5203 . ‡aVe své závěrečné práci jsem chtěla vytvořit soubor významných českých hudebních skladatelů od doby renesance po romantismus a českou modernu. Pomůcka neobsahuje všechny české skladatele, pouze vybrané. Práce je inspirována systémem vícesložkových karet podle Marie Montessori.
6530 . ‡ahudební skladatelé ‡arenesance ‡aromantismus ‡aklasicismus ‡apomůcka ‡avícesložkové karty
655 7. ‡azávěrečné práce ‡7fd186753 ‡2czenas
7102 . ‡aMontessori ČR
85641. ‡yPlný text ‡zPlný text je dostupný pouze členům Montessori ČR
910 . ‡aABG323
901 . ‡a47023 ‡b ‡c47023 ‡tbiblio

Additional Resources